Now hear this : Sách tự luyện nghe trình độ trung cấp
Saved in:
| Main Author: | |
|---|---|
| Format: | Book |
| Language: | Undetermined |
| Published: |
Thành phố Hồ Chí Minh
Nhà xuất bản Thành phố Hồ Chí Minh
2001
|
| Subjects: | |
| Tags: |
Add Tag
No Tags, Be the first to tag this record!
|
| Institutions: | Trung tâm Học liệu Trường Đại học Cần Thơ |
|---|
| LEADER | 00680nam a2200217Ia 4500 | ||
|---|---|---|---|
| 001 | CTU_88738 | ||
| 008 | 210402s9999 xx 000 0 und d | ||
| 020 | |c 14000 | ||
| 082 | |a 428.34 | ||
| 082 | |b F667 | ||
| 100 | |a Folley, Barbara H. | ||
| 245 | 0 | |a Now hear this : | |
| 245 | 0 | |b Sách tự luyện nghe trình độ trung cấp | |
| 245 | 0 | |c Barbara H. Folley; Lê Văn Khuê dịch | |
| 260 | |a Thành phố Hồ Chí Minh | ||
| 260 | |b Nhà xuất bản Thành phố Hồ Chí Minh | ||
| 260 | |c 2001 | ||
| 650 | |a English language | ||
| 650 | |x Listening | ||
| 904 | |i Truc,Hải | ||
| 980 | |a Trung tâm Học liệu Trường Đại học Cần Thơ | ||